Регионална библиотека "Любен Каравелов" - Русе

Модерната мисъл (Запис номер 111424)

MARC детайли
000 -Лидер
Контролно поле с фиксирана дължина 01841nam a2200433 c 4500
003 - Код на организацията, давaща контролен номер
Контролно поле BLK
005 - Дата и час на последна редакция
Контролно поле 20180422110029.0
008 - Елементи от данни с фиксирана дължина
fixed length control field 180409b bul|||||r ||||||| ||bul||
010 ## - Наследен системен номер
LC control number KNG00116768000
020 ## - Международен стандартен номер на книга ISBN
Международен стандартен номер на книга ISBN 954-771-095-8
-- издат.: Кръгозор - на том(кн. 2)
040 ## - Източник на каталожния запис
Идентификатор на билиотеката - собственик на записа BLK
041 ## - Код за език
Код за езика на текст/звукозапис или на отделно заглавие Български
Код за езика КДБФ Български
080 ## - УДК
Текстов определител УДК Общи въпроси на науката и културата
УДК код - определител по УДК 00
УДК определител (100)"19"(092)
УДК - код + определител 00(100)"19"(092)
080 ## - УДК
Текстов определител УДК Биографии
УДК код - определител по УДК 929
УДК определител (092)
УДК - код + определител 929(092)
100 1# - Редна дума - Автор
Автор Уотсън, Питър
Авторска отговорност първи автор
R(LIN) 301732
139 ## - Редно поле
Редна дума Уотсън, Питър
Авторски знак Уор - У 70
245 10 - Сведения за заглавието
Заглавие Модерната мисъл
Подзаглавни данни Интелектуалната история на ХХ век : Кн. 1 - 2
Редно поле (дума) Питър Уотсън; прев. от англ. Антоанета Антонова Дончева-Стаматова.
Том Кн. 2
257 ## - Страна на издаване
Страна на създаване/издаване Великобритания
260 ## - Област на издателските данни
-- София
Година на издаване 2005
300 ## - Физическа характеристика
Размери/Мащаб 25 см
380 ## - Жанр
Жанр Общ отдел
500 ## - Общи забележки
Забележка Ориг. загл. A Terrible Beauty / Peter Watson. - Именен показалец, тематичен и терминолгичен показалец.
650 #4 - Допълнително описание по предмет – тема
Основно описание – тема или топоним Двадесети век
9 (RLIN) 152872
650 #4 - Допълнително описание по предмет – тема
Основно описание – тема или топоним Наука
9 (RLIN) 163554
650 #4 - Допълнително описание по предмет – тема
Основно описание – тема или топоним Интелект
9 (RLIN) 157292
650 #4 - Допълнително описание по предмет – тема
Основно описание – тема или топоним Култура - история
9 (RLIN) 248181
653 ## - Ключова дума – ненормативна
Ключова дума наука
653 ## - Ключова дума – ненормативна
Ключова дума интелектуално развитие
653 ## - Ключова дума – ненормативна
Ключова дума култура
653 ## - Ключова дума – ненормативна
Ключова дума история
653 ## - Ключова дума – ненормативна
Ключова дума ХХ в.
700 1# - Други автори (авторска отговорност)
Лично име Дончева-Стаматова, Антоанета Антонова
Автороска отговорност (Описва отношението между автора и произведението) прев. от англ.
9 (RLIN) 365601
760 1# - Описание на основната серия
-- - на том(кн. 2)
Редна дума на основното описание Уотсън, Питър
Място на издаване, издател и година Кръгозор, 2005
Страници - том 574 с.
Заглавие Кн. 2
852 ## - Местоположение
Форматна сигнатура Цб 222101
856 4# - Електронен адрес и достъп
Електронен формат pdf - файл
Път до файла /url/
856 4# - Електронен адрес и достъп
Електронен формат pdf - файл
Път до файла /url/
942 ## - АРТИКУЛИ
Вид на библиотечния материал Книги
Скрит в OPAC Не
944 ## - СЪЗДАВАНЕ И РЕДАКЦИЯ на ЗАПИСА
Създаване/Редакция Създаване
Дата на регистрацията/редакция 03.01.2005
Служител, извършил регистрацията/редакцията Людмила_Стоянова
944 ## - СЪЗДАВАНЕ И РЕДАКЦИЯ на ЗАПИСА
Създаване/Редакция Редакция
Дата на регистрацията/редакция 13.09.2010
Служител, извършил регистрацията/редакцията
999 ## - СИСТЕМНИ КОНТРОЛНИ НОМЕРА
Koha biblionumber 111424
Koha biblioitemnumber 111424
Наличности
Код за отписване Код за изгубен артикул Код за повреда Коз за рестрикции Код за отдаване Артикулен № Име на библиотеката - собственик Име на библиотеката, в която се намира в момента Статус (Текущо местоположение) Дата на вписване в системата Местоположение - отдел Цена в лева Инвентарен номер Систематично азбучна сигнатура Баркод Номер на екземпляра Цена в евро Служебна бележка Служебен тип на артикула
  Не е изгубен Не е повреден без рестрикции ползва се в читалня 178920 Регионална библиотека "Любен Каравелов" Русе Регионална библиотека "Любен Каравелов" Русе Читалня 2004-12-30 Читалня 30.00 120000690849 Ч 0/У 70 120000690849 1 15.34 Дост: Pk Вид: Ф N: 8896 Дата: 29.12.2004 Дата инв: 21.03.2017 Бележки инв: Ч2017 Книги
  Не е изгубен Не е повреден без рестрикции заемане за дома 178921 Регионална библиотека "Любен Каравелов" Русе Регионална библиотека "Любен Каравелов" Русе Заемна - подръчен фонд 2007-10-05 Заемна - подръчен фонд 25.00 120000717635 П 0/У 70 120000717635 2 12.78 Дост: Pk Вид: Ф N: 9214 Дата: 01.10.2007 Дата инв: 01.02.2018 Бележки инв: П2018 Книги
  Не е изгубен Не е повреден без рестрикции ползва се в читалня 178922 Регионална библиотека "Любен Каравелов" Русе Регионална библиотека "Любен Каравелов" Русе Хранилище 2010-09-02 Хранилище 28.00 120000745417 Цб 222101 120000745417 3 14.32 Дост: Dp Вид: Д N: 50 Дата: 02.12.2009 Книги
Vip Innovations Ltd, Rousse, Bulgaria 2025